South Eastern Kenya University

Library Online Public Access Catalogue


Snort 2.0 intrusion detection/ (Record no. 13665)

MARC details
000 -LEADER
fixed length control field 00684nam a22002297a 4500
003 - CONTROL NUMBER IDENTIFIER
control field OSt
005 - DATE AND TIME OF LATEST TRANSACTION
control field 20160510152518.0
008 - FIXED-LENGTH DATA ELEMENTS--GENERAL INFORMATION
fixed length control field 160510b xxu||||| |||| 00| 0 eng d
020 ## - INTERNATIONAL STANDARD BOOK NUMBER
International Standard Book Number 9781931836746
020 ## - INTERNATIONAL STANDARD BOOK NUMBER
International Standard Book Number 1931836744
040 ## - CATALOGING SOURCE
Original cataloging agency SEKU
050 ## - LIBRARY OF CONGRESS CALL NUMBER
Classification number TK 5105.59
Item number .S61
245 ## - TITLE STATEMENT
Title Snort 2.0 intrusion detection/
Statement of responsibility, etc. Jay Beale.....[et al.]
260 ## - PUBLICATION, DISTRIBUTION, ETC. (IMPRINT)
Place of publication, distribution, etc. Rockland, MA :
Name of publisher, distributor, etc. Syngress,
Date of publication, distribution, etc. ©2003.
300 ## - PHYSICAL DESCRIPTION
Extent 1 online resource (xxv, 523 pages) :
Other physical details illustrations
500 ## - GENERAL NOTE
General note Includes index
650 ## - SUBJECT ADDED ENTRY--TOPICAL TERM
Topical term or geographic name as entry element Snort (Software)
650 ## - SUBJECT ADDED ENTRY--TOPICAL TERM
Topical term or geographic name as entry element Intrusion detection systems (Computer security)
650 ## - SUBJECT ADDED ENTRY--TOPICAL TERM
Topical term or geographic name as entry element Computer security.
700 ## - ADDED ENTRY--PERSONAL NAME
Personal name Beale, Jay
942 ## - ADDED ENTRY ELEMENTS (KOHA)
Source of classification or shelving scheme Library of Congress Classification
Koha item type General circulation
Holdings
Withdrawn status Lost status Source of classification or shelving scheme Damaged status Not for loan Home library Current library Shelving location Date acquired Source of acquisition Total Checkouts Full call number Barcode Date last seen Price effective from Koha item type Public note
    Library of Congress Classification     Main Campus Library Main Campus Library General Stacks 10/05/2016 Donation-Books for Africa   TK 5105.59 .S61 2016/017658 10/05/2016 10/05/2016 General circulation res
Kitui, Kenya.
+254736116989
library@seku.ac.ke